<?xml version="1.0" encoding="UTF-8"?>
<record
    xmlns:xsi="http://www.w3.org/2001/XMLSchema-instance"
    xsi:schemaLocation="http://www.loc.gov/MARC21/slim http://www.loc.gov/standards/marcxml/schema/MARC21slim.xsd"
    xmlns="http://www.loc.gov/MARC21/slim">

  <leader>03713cam a2200349   4500500</leader>
  <controlfield tag="005">20260517000338.0</controlfield>
  <datafield tag="041" ind1=" " ind2=" ">
    <subfield code="a">fre</subfield>
  </datafield>
  <datafield tag="042" ind1=" " ind2=" ">
    <subfield code="a">dc</subfield>
  </datafield>
  <datafield tag="100" ind1="1" ind2="0">
    <subfield code="a">Zaugg, Vincent</subfield>
    <subfield code="e">author</subfield>
  </datafield>
  <datafield tag="700" ind1="1" ind2="0">
    <subfield code="a">Savoldelli, Virginie</subfield>
    <subfield code="e">author</subfield>
  </datafield>
  <datafield tag="700" ind1="1" ind2="0">
    <subfield code="a">Sabatier, Brigitte</subfield>
    <subfield code="e">author</subfield>
  </datafield>
  <datafield tag="700" ind1="1" ind2="0">
    <subfield code="a">Durieux, Pierre</subfield>
    <subfield code="e">author</subfield>
  </datafield>
  <datafield tag="245" ind1="0" ind2="0">
    <subfield code="a">Am&#xE9;liorer les pratiques et l'organisation des soins&#xA0;:&#xA0;m&#xE9;thodologie des revues syst&#xE9;matiques</subfield>
  </datafield>
  <datafield tag="260" ind1=" " ind2=" ">
    <subfield code="c">2014.
							</subfield>
  </datafield>
  <datafield tag="500" ind1=" " ind2=" ">
    <subfield code="a">40</subfield>
  </datafield>
  <datafield tag="520" ind1=" " ind2=" ">
    <subfield code="a">Le nombre d&#x2019;&#xE9;tudes d&#x2019;interventions visant &#xE0; am&#xE9;liorer la qualit&#xE9; des soins est en constante augmentation, si bien qu&#x2019;il est difficile d&#x2019;acc&#xE9;der &#xE0; toute l&#x2019;information disponible sur un sujet. La revue syst&#xE9;matique est un outil permettant de fournir rapidement une information exhaustive et objective aux professionnels de la sant&#xE9;. Cet article a pour objectif de d&#xE9;tailler les &#xE9;tapes de la r&#xE9;alisation d&#x2019;une revue syst&#xE9;matique&#x2008;: d&#xE9;finition de la question de recherche, recherche et s&#xE9;lection des &#xE9;tudes, extraction et analyse des donn&#xE9;es, &#xE9;valuation de la qualit&#xE9; m&#xE9;thodologique des &#xE9;tudes, synth&#xE8;se des r&#xE9;sultats. Les interventions destin&#xE9;es &#xE0; am&#xE9;liorer les pratiques et l&#x2019;organisation des soins pr&#xE9;sentent certaines sp&#xE9;cificit&#xE9;s qui conditionnent la m&#xE9;thodologie de la revue syst&#xE9;matique. Il faut par exemple prendre en compte la variabilit&#xE9; importante qui existe souvent entre les populations, les organisations et les interventions d&#x2019;une &#xE9;tude &#xE0; l&#x2019;autre, ce qui rend difficile la synth&#xE8;se des r&#xE9;sultats sous forme de m&#xE9;ta-analyse. La connaissance des particularit&#xE9;s des revues syst&#xE9;matiques d&#x2019;interventions est indispensable, que ce soit pour r&#xE9;aliser une synth&#xE8;se de la litt&#xE9;rature de qualit&#xE9;, ou pour &#xE9;valuer le niveau de preuve d&#x2019;une revue syst&#xE9;matique publi&#xE9;e.</subfield>
  </datafield>
  <datafield tag="520" ind1=" " ind2=" ">
    <subfield code="a">Improving practice and organisation of care: methodology for systematic reviewsThe number of intervention studies designed to improve quality of care is increasing exponentially, making it difficult to access all&#xA0;available information on a given subject. Systematic reviews are tools that provide health professionals with comprehensive and objective information. This article describes the main phases of a systematic review: formulating the research question, search and selection of studies, data extraction and analysis, assessment of the methodological quality of studies, and synthesis of the results. Interventions designed to improve professional practices and organisation of care have specific characteristics that determine the methodology of systematic reviews. For example, the often substantial heterogeneity between populations, organisations, and intervention settings among studies must be taken into account, which makes meta-analysis more difficult. Knowledge on specific features of systematic reviews designed to improve quality of care is essential to ensure a good review of the literature, or to evaluate the level of evidence of published systematic reviews.</subfield>
  </datafield>
  <datafield tag="690" ind1=" " ind2=" ">
    <subfield code="a">&#xE9;tudes d'intervention</subfield>
  </datafield>
  <datafield tag="690" ind1=" " ind2=" ">
    <subfield code="a">&#xE9;valuation des r&#xE9;sultats et des processus en soins de sant&#xE9;</subfield>
  </datafield>
  <datafield tag="690" ind1=" " ind2=" ">
    <subfield code="a">organisation des soins</subfield>
  </datafield>
  <datafield tag="690" ind1=" " ind2=" ">
    <subfield code="a">pratique professionnelle</subfield>
  </datafield>
  <datafield tag="690" ind1=" " ind2=" ">
    <subfield code="a">qualit&#xE9; des soins de sant&#xE9;</subfield>
  </datafield>
  <datafield tag="690" ind1=" " ind2=" ">
    <subfield code="a">revue de la litt&#xE9;rature</subfield>
  </datafield>
  <datafield tag="690" ind1=" " ind2=" ">
    <subfield code="a">intervention studies</subfield>
  </datafield>
  <datafield tag="690" ind1=" " ind2=" ">
    <subfield code="a">Organisation of Care</subfield>
  </datafield>
  <datafield tag="690" ind1=" " ind2=" ">
    <subfield code="a">Outcome and Process Assessment (Health Care)</subfield>
  </datafield>
  <datafield tag="690" ind1=" " ind2=" ">
    <subfield code="a">professional practice</subfield>
  </datafield>
  <datafield tag="690" ind1=" " ind2=" ">
    <subfield code="a">Quality of Health Care</subfield>
  </datafield>
  <datafield tag="690" ind1=" " ind2=" ">
    <subfield code="a">Review</subfield>
  </datafield>
  <datafield tag="786" ind1="0" ind2=" ">
    <subfield code="n">Sant&#xE9; Publique | 26 | 5 | 2014-11-24 | p. 655-667 | 0995-3914</subfield>
  </datafield>
  <datafield tag="856" ind1="4" ind2="1">
    <subfield code="u">https://stm.cairn.info/revue-sante-publique-2014-5-page-655?lang=fr&amp;redirect-ssocas=7080</subfield>
  </datafield>
  <datafield tag="999" ind1=" " ind2=" ">
    <subfield code="c">2231474</subfield>
    <subfield code="d">2231474</subfield>
  </datafield>
</record>
